00326nam a2200121Ia 4500008004100000041000800041082001200049100002400061245004500085260003300130300003000163365001100193240624s9999 xx 000 0 und d aeng a658 MAN aMANTRAVADI PRAMOD M aCOMPETITIVE INTELLIGENCE CONCEPTS AND CA c2005aHyderabadbICFAI press axv, : 172 : p. : cm. ; 23 cRSb50